Central Library OPAC University of Rajshahi

বঙ্গাব্দের ইতিহাস / (Record no. 74114)

MARC details
000 -LEADER
fixed length control field 00743nam a2200217 a 4500
001 - CONTROL NUMBER
control field 74114
003 - CONTROL NUMBER IDENTIFIER
rucl marc code BD-RjUL
005 - DATE AND TIME OF LATEST TRANSACTION
control field 20211209082509.0
008 - FIXED-LENGTH DATA ELEMENTS--GENERAL INFORMATION
fixed length control field 180228s2015 bg df||| b||| 000 0 ben d
020 ## - INTERNATIONAL STANDARD BOOK NUMBER
International Standard Book Number 9789849132554
Terms of availability Tk. 550.00
035 ## - SYSTEM CONTROL NUMBER
System control number (BD-RjUL)74332
040 ## - CATALOGING SOURCE
Original cataloging agency BD-RjUL
Language of cataloging eng
Transcribing agency BD-RjUL
041 ## - LANGUAGE CODE
Language code of text/sound track or separate title ben
082 ## - DEWEY DECIMAL CLASSIFICATION NUMBER
Edition number 23
Classification number 954.92033
Author mark and year AHB 2015
245 10 - TITLE STATEMENT
Title বঙ্গাব্দের ইতিহাস /
Statement of responsibility, etc. সাইদ আহমেদ,
300 ## - PHYSICAL DESCRIPTION
Pagination ৩১০ পৃ. :
Illustrations ছবি ;
Size 22 সেমি.
504 ## - BIBLIOGRAPHY, ETC. NOTE
Bibliography, etc গ্রন্থপঞ্জি সম্বলিত
650 ## - SUBJECT ADDED ENTRY--TOPICAL TERM
Topical term or geographic name as entry element বাংলা
Form subdivision শতাব্দি
9 (RLIN) 220321
General subdivision ইতিইাস
Topical term or geographic name as entry element Calender
Form subdivision Bangla
General subdivision History
9 (RLIN) 220322
942 ## - ADDED ENTRY ELEMENTS (KOHA)
Source of classification or shelving scheme Dewey Decimal Classification
Koha item type Books
Holdings
Lost status Source of classification or shelving scheme Damaged status Not for loan Collection code Permanent Location Current Location Shelving location Date acquired Source of acquisition Cost, normal purchase price Total Checkouts Full call number Date last seen Copy number Koha item type Date checked out
  Dewey Decimal Classification   Not For Loan Non-fiction Central Library, University of Rajshahi Central Library, University of Rajshahi Reading Room 13/03/2017 Rajshahi Viddyasagor 550.00   B 954.92033 AHB 2015 28/02/2018 C-1 Books  
  Dewey Decimal Classification     Non-fiction Central Library, University of Rajshahi Central Library, University of Rajshahi   13/03/2017 Rajshahi Viddyasagor 550.00 2 B 954.92033 AHB 2015 08/05/2019 C-2 Books 17/04/2019
  Dewey Decimal Classification     Non-fiction Central Library, University of Rajshahi Central Library, University of Rajshahi   13/03/2017 Rajshahi Viddyasagor 550.00   B 954.92033 AHB 2015 28/02/2018 C-3 Books